000 00921cam a2200325 i 4500
001 45963
003 ARRUPE
005 20150306142009.0
008 810519s1980 enkacf b 000 0beng
010 _a 80142497
015 _aGB***
020 _a0333285433 :
_c£8.95
020 _a0333286162 (pbk.)
035 _a(OCoLC)6925891
035 _a(OCoLC)ocm06925891
035 _a(CStRLIN)NYCG24033200-B
035 _a(NNC)45963
040 _dNNC
_dCStRLIN
_cArrupe
050 0 _aPR3533
_b.W33 1980
082 _a828/.609
_aB
090 _aPR3533
_b.W33 1980
100 1 _aWain, John.
_93401
245 0 0 _aSamuel Johnson /
_cJohn Wain.
260 _aNew York :
_bThe Viking Press,
_c1975.
300 _a388 p., [8] leaves of plates :
_bill., ports. ;
_c25 cm.
504 _aBibliography: p. [380]
600 1 0 _aJohnson, Samuel,
_d1709-1784.
_xbiography
_915917
942 _2lcc
_cMONOGRAPH
999 _c122312
_d122312